Fr. Conceicao Rodrigues College of Engineering

Developments in High Speed Metal Forming (Record no. 25672)

MARC details
000 -LEADER
fixed length control field 00301nam a2200133Ia 4500
082 ## - DEWEY DECIMAL CLASSIFICATION NUMBER
Classification number 671.3
100 ## - MAIN ENTRY--PERSONAL NAME
Personal name Davies/W.g
245 ## - TITLE STATEMENT
Title Developments in High Speed Metal Forming
260 ## - PUBLICATION, DISTRIBUTION, ETC.
Name of publisher, distributor, etc. Machinery
Place of publication, distribution, etc. London
Date of publication, distribution, etc. 1970
300 ## - PHYSICAL DESCRIPTION
Extent 284
546 ## - LANGUAGE NOTE
Language note ENGLISH
654 ## - SUBJECT ADDED ENTRY--FACETED TOPICAL TERMS
Focus term Speed Metal Forming
942 ## - ADDED ENTRY ELEMENTS (KOHA)
Koha item type BOOK
Holdings
Withdrawn status Lost status Damaged status Not for loan Collection Home library Current library Date acquired Cost, normal purchase price Inventory number Total Checkouts Full call number Barcode Date last seen Cost, replacement price Price effective from Koha item type
        AFT Fr. Agnel's C.Rodrigues College of Engineering Fr. Agnel's C.Rodrigues College of Engineering 17/03/2023 84.00 T-172   671.3 AFT1298 17/03/2023 84.00 17/03/2023 BOOK